00827nam a2200205Ia 4500008004100000020001500041041001200056082001100068100002000079245008400099250000800183260003900191300000800230650001600238700001800254942000700272999001500279952015900294952016800453221030s9999 xx 000 0 und d a8131500802 aEnglish a105.23 aJ. W. Satzinger 0aSystem Analysis & Design in a Changing Worldcby J. W. Satzinger, R. B. Jackson a4th bThomson LearningaSingaporec2007 a672 aBE Computer aR. B. Jackson cBK c5477d5477 pBE 9160g435.00l0o105.23 r2024-06-13 00:00:00w2022-10-30yBK003Print4071aMIETLIBbMIETLIBcBL-Second, FL-1, CUP-149, SH-2, R-2d2008-02-2210HBE pBE 9161g435.00l0o105.23 r2022-10-30 00:00:00w2022-10-30yBK003Print4070aMIETLIBbMIETLIBcBL-Academic Block C, FL-2, CUP-85, SH-4, R-4d2008-02-2210HBE